[Event "North American-ch U08 Girls"]
[Site "Montreal"]
[Date "2010.08.16"]
[Round "1"]
[White "Zhang, Taylor"]
[Black "Cao, Celine"]
[Result "1-0"]
[WhiteElo "897"]
[BlackElo "378"]
[PlyCount "75"]
[EventDate "2010.08.16"]
[EventType "swiss"]
[EventRounds "7"]
[EventCountry "CAN"]
[SourceTitle "EXT 2013"]
[Source "ChessBase"]
[SourceDate "2012.11.22"]
[SourceVersion "1"]
[SourceVersionDate "2012.11.22"]
[SourceQuality "1"]

1. e4 e5 2. Nf3 Nc6 3. Nc3 Nf6 4. Bb5 Nb4 5. d3 c6 6. Bc4 b5 7. Bb3 Nbd5 8. exd5 e4 9. dxe4 b4 10. Ne2 Ng4 11. dxc6 dxc6 12. Qxd8+ Kxd8 13. Ng5 Be6 14. Bxe6 fxe6 15. Nf7+ Kc8 16. Nxh8 b3 17. axb3 Bb4+ 18. c3 a5 19. cxb4 axb4 20. Rxa8+ Kc7 21. f4 Nf6 22. f5 e5 23. Ra7+ Kb6 24. Rxg7 Nxe4 25. Bg5 Nc5 26. f6 Nd3+ 27. Kd2 Nxb2 28. f7 c5 29. f8Q Nc4+ 30. bxc4 b3 31. Qb8+ Kc6 32. Rc7+ Kd6 33. Qd8+ Ke6 34. Re7+ Kf5 35. Qf8+ Kxg5 36. Rg7+ Kh4 37. Qg8 b2 38. Qxh7# 1-0